000
00310nam a22001337a 4500
003
OSt
005
20231127204458.0
008
231127b |||||||| |||| 00| 0 eng d
040
_c
CO-JMCR
082
_a
C /
_b
BIEn
100
_a
Bierce, Ambrose,
_9
42828
245
_a
99 fábulas fantásticas /
942
_2
ddc
_c
BK
999
_c
30364
_d
16748